000 00422cam a2200157ua 4500
041 _aeng
_h
082 _a610.73
_bGOD/PR
100 _aGoddard, H A .
245 _aPrinciples of administration applied to nursing service /
_cH A Goddard.
_hTextual Documents
250 _a1 /
_b.
260 _aGeneva :
_bWorld Health Organisation ,
_c1959.
300 _a106 ; .
504 _a
942 _cBK
999 _c10007
_d10007